| 000 | 01920nam0a2200445 i 4500 | ||
|---|---|---|---|
| 001 | RU\NLR\BIBL_A\010709061 | ||
| 005 | 20241103094801.0 | ||
| 010 | _a9785484013630 | ||
| 021 |
_aRU _b2015-7324 _9459 |
||
| 035 | _a(NILC)RuMoRGB-007865077 | ||
| 035 | _a(NLR Aleph) 010709061 | ||
| 090 |
_a9760708 _c9760708 |
||
| 100 | _a20150327d2015 k y0rusy50 ca | ||
| 101 | 1 |
_arus _cger |
|
| 102 | _aRU | ||
| 105 | _ay|||z|||001yy | ||
| 200 | 1 |
_aВведение в теорию познания _dEinführung in die Erkenntnistheorie _fА.В. Мессер _gпер. с нем. А.А. Франковского _gпод. ред. и с предисл. С.О. Грузенберга _zger |
|
| 205 | _aИзд. 3-е | ||
| 210 |
_aМосква _cURSS _cКомКнига _d2015 |
||
| 215 |
_a179 с. _d22 |
||
| 225 | 1 | _aИз наследия мировой философской мысли: теория познания | |
| 300 | _aАвт. также на нем. яз.: August Wilhelm Messer | ||
| 300 | _aНа 4-й с. обл. авт.: Август Вильгельм Мессер, философ и педагог | ||
| 320 | _aБиблиогр.: с. 171-179 | ||
| 510 | 1 |
_6z77790 _aEinführung in die Erkenntnistheorie _zger |
|
| 606 |
_aТеория познания _9996498 _3RU\NLR\AUTH\6659418 |
||
| 606 |
_aНеокантианство _yГермания _92202518 _3RU\NLR\AUTH\661323459 |
||
| 675 | _a111.1 | ||
| 686 | 1 | _aЮ22 | |
| 686 | 1 | _aЮ3(4Г)6-632.5 | |
| 700 | 1 |
_aМессер _bА. В. _f1867-1937 _gАвгуст Вильгельм |
|
| 790 | 1 |
_6z77510 _aMesser _bA.W. _f1867-1937 _gAugust Wilhelm |
|
| 801 | 0 |
_aRU _bRuMoRKP _c20061222 _gRCR |
|
| 801 | 2 |
_aRU _bРГБ _c20150211 _grcr |
|
| 801 | 1 |
_aRU _bRuMoRKP _c20061222 _2rusmarc |
|
| 942 | _cBOOK | ||
| 980 | _aNBR | ||